000 00441nam a2200157Ia 4500
005 20250329115133.0
008 231217s9999 xx 000 0 und d
020 _a9788131401811
082 _a658.8 SWA.1;1 R
100 _aSwain, niranjan Chandrashekhar Mishra ed.
245 0 _aCase studies on marketing strategy V.1
260 _c2007
_bIcfai
_aHyderabad
300 _a291
650 _astudies,marketing,strategy,V.1
942 _cAA
999 _c189101
_d189101